000
00322nam a2200133Ia 4500
008
230312s9999||||xx |||||||||||||| ||und||
082
_a
004.16
_b
BRE-I
100
_a
Brey Barry B.
245
0
_a
Intel Microprocessors
300
_a
900
546
_a
Eng.
650
_a
Computer
_v
Introduction , Addressing Modes
942
_c
BK
999
_c
3432
_d
3432